[Event "Schleswig-Holstein-ch Basis"]
[Site "Buesum"]
[Date "2010.03.31"]
[Round "7"]
[White "Ritter, Klaus"]
[Black "Hansen, Rainer"]
[Result "1-0"]
[WhiteElo "1353"]
[BlackElo "1098"]
[PlyCount "52"]
[EventDate "2010.03.27"]
[EventType "swiss"]
[EventRounds "9"]
[EventCountry "GER"]
[SourceTitle "EXT 2023"]
[Source "ChessBase"]
[SourceDate "2022.10.05"]
[SourceVersion "1"]
[SourceVersionDate "2022.10.05"]
[SourceQuality "1"]

1. e4 e5 2. Nf3 Nf6 3. d3 d5 4. exd5 Qxd5 5. Nc3 Bb4 6. Bd2 Bxc3 7. Bxc3 Nc6 8. h3 0-0 9. Be2 Re8 10. 0-0 b6 11. Nh2 Ba6 12. Re1 Re6 13. f3 Nd7 14. Qd2 Rg6 15. Bf1 Re8 16. Kh1 f6 17. Ng4 Kf7 18. Ne3 Qd6 19. a3 Ne7 20. b4 Nd5 21. Bb2 Bb7 22. Nxd5 Bxd5 23. Re2 c5 24. c3 c4 25. dxc4 Qe6 26. cxd5 Qd6 1-0

[Event "Schleswig-Holstein-ch Basis"]
[Site "Buesum"]
[Date "2010.03.30"]
[Round "5"]
[White "Hansen, Rainer"]
[Black "Nickel, Holger"]
[Result "0-1"]
[WhiteElo "1098"]
[BlackElo "1412"]
[PlyCount "70"]
[EventDate "2010.03.27"]
[EventType "swiss"]
[EventRounds "9"]
[EventCountry "GER"]
[SourceTitle "EXT 2023"]
[Source "ChessBase"]
[SourceDate "2022.10.05"]
[SourceVersion "1"]
[SourceVersionDate "2022.10.05"]
[SourceQuality "1"]

1. e4 e5 2. Nf3 Nc6 3. d4 exd4 4. Nxd4 Nxd4 5. Qxd4 Nf6 6. a3 d6 7. Be2 h6 8. h3 Qe7 9. Nc3 Qe5 10. Qxe5+ dxe5 11. Nb5 Bd6 12. 0-0 0-0 13. Rd1 Rd8 14. Nxd6 Rxd6 15. Rxd6 cxd6 16. f3 Be6 17. b4 a6 18. c4 Rc8 19. c5 dxc5 20. bxc5 Rxc5 21. Bb2 Nd7 22. Rc1 Rxc1+ 23. Bxc1 b5 24. Kf1 Nb6 25. Ke1 Bc4 26. Bxc4 Nxc4 27. Ke2 f6 28. Kd3 Nd6 29. Kc3 a5 30. Bd2 Nc4 31. a4 Nxd2 32. Kxd2 b4 33. Kc2 Kf7 34. Kb3 Ke6 35. Kc4 f5 0-1